[Event "CAN-op"]
[Site "Quebec CAN"]
[Date "2018.07.09"]
[Round "4.15"]
[White "Zhang, Henry"]
[Black "Drkulec, Vladimir"]
[Result "1-0"]
[WhiteElo "1979"]
[BlackElo "1794"]
[PlyCount "127"]
[EventDate "2018.07.07"]
[EventType "swiss"]
[EventRounds "9"]
[EventCountry "CAN"]

1. e4 e5 2. Nf3 Nc6 3. d4 exd4 4. Nxd4 Nf6 5. Nxc6 bxc6 6. e5 Nd5 7. c4 Bb4+ 8.
Bd2 Bxd2+ 9. Qxd2 Nb6 10. Nc3 Qe7 11. O-O-O Ba6 12. b3 Qa3+ 13. Qb2 Qxb2+ 14.
Kxb2 Rb8 15. Kc2 Bb7 16. Ne4 Rd8 17. f4 Ke7 18. Be2 Bc8 19. Rhe1 Rhe8 20. Bf3
Kf8 21. Re2 a5 22. Kc3 Re7 23. Red2 Rde8 24. Rd4 h6 25. h4 a4 26. g4 axb3 27.
axb3 c5 28. Nxc5 g5 29. hxg5 hxg5 30. Nd3 gxf4 31. Rxf4 d6 32. exd6 cxd6 33.
Bc6 Rd8 34. Kd4 Nd7 35. Bxd7 Bxd7 36. Rdf1 Be6 37. Ra1 Rb7 38. Ra3 Kg7 39. b4
Rc8 40. Rc3 Kg6 41. c5 Kg5 42. cxd6 Rxb4+ 43. Nxb4 Kxf4 44. Nd3+ Kxg4 45. Ne5+
Kf5 46. Rf3+ Kg5 47. Nxf7+ Kg6 48. Ne5+ Kg7 49. Rf1 Rc2 50. Nd3 Bd7 51. Nb4 Rg2
52. Kc5 Rg6 53. Rd1 Rg5+ 54. Kb6 Ba4 55. Rd4 Rb5+ 56. Kc7 Rc5+ 57. Kd8 Rf5 58.
Nd5 Bb5 59. Ne7 Rc5 60. Rf4 Rc1 61. Rb4 Rd1 62. Nf5+ Kf6 63. Rxb5 Ke6 64. Rb6 {
time} 1-0

[Event "CAN-op"]
[Site "Quebec CAN"]
[Date "2018.07.09"]
[Round "4.16"]
[White "Callier, Christophe"]
[Black "Chang, Alexander RZ"]
[Result "1-0"]
[WhiteElo "1970"]
[BlackElo "1597"]
[PlyCount "61"]
[EventDate "2018.07.07"]
[EventType "swiss"]
[EventRounds "9"]
[EventCountry "CAN"]

1. e4 e5 2. Bc4 Nf6 3. Nc3 Bc5 4. d3 d6 5. f4 O-O 6. Nf3 Nc6 7. f5 Nd4 8. Bg5
c6 9. a4 d5 10. exd5 Bxf5 11. dxc6 Nxc6 12. Qe2 Nd4 13. Nxd4 exd4 14. Ne4 Be7
15. Bxf6 Bxf6 16. Nxf6+ Qxf6 17. O-O g6 18. Qd2 Qd6 19. Qg5 Be6 20. Rf6 Kg7 21.
Raf1 Rae8 22. h4 h6 23. Qa5 a6 24. h5 g5 25. Rxh6 Kxh6 26. Rf6+ Kxh5 27. Qe1
Qc7 28. Bxe6 fxe6 29. g4+ Kxg4 30. Qe2+ Kg3 31. Qh2+ 1-0

[Event "CAN-op"]
[Site "Quebec CAN"]
[Date "2018.07.09"]
[Round "4.17"]
[White "Zhu, Brandon"]
[Black "Cui, Cynthia"]
[Result "0-1"]
[WhiteElo "1959"]
[BlackElo "1692"]
[PlyCount "146"]
[EventDate "2018.07.07"]
[EventType "swiss"]
[EventRounds "9"]
[EventCountry "CAN"]

1. Nf3 e6 2. e3 Nf6 3. c4 Be7 4. b3 d5 5. Bb2 O-O 6. g3 a5 7. Nc3 c6 8. Bg2 b6
9. O-O Nbd7 10. Rc1 Ba6 11. d3 b5 12. cxb5 cxb5 13. Nd4 Qb6 14. f4 Bc5 15. Kh1
Bxd4 16. exd4 Rac8 17. Ne2 b4 18. Rxc8 Rxc8 19. Ng1 Qc6 20. Rf2 Nb6 21. Nf3 Bb5
22. Ne5 Qc7 23. a4 bxa3 24. Bxa3 Nbd7 25. g4 Qc3 26. Bb2 Qb4 27. g5 Ne8 28. f5
a4 29. Qg4 Nxe5 30. Qh3 Nxd3 31. Rf1 Nxb2 32. fxe6 Bxf1 33. exf7+ Kxf7 34.
Bxd5+ Ke7 35. Qxc8 axb3 36. Bc6 Bg2+ 37. Kxg2 Qd2+ 38. Kf3 Qd3+ 39. Kg2 Qe2+
40. Kg1 Qe3+ 41. Kf1 Qf4+ 42. Kg2 Qxg5+ 43. Kf1 Qf6+ 44. Kg2 Qg6+ 45. Kf1 Qf7+
46. Kg2 Nd1 47. Qd7+ Kf8 48. Qxf7+ Kxf7 49. Bd5+ Kf6 50. Bxb3 Ne3+ 51. Kf3 Nf5
52. Ke4 Ne7 53. Ba2 h6 54. d5 Nd6+ 55. Kf4 Ng6+ 56. Kg4 Ne5+ 57. Kf4 g5+ 58.
Kg3 h5 59. Bb3 h4+ 60. Kg2 Kf5 61. Bc2+ Kf4 62. Bb3 g4 63. Bd1 h3+ 64. Kh1 Nf3
65. Bc2 Ne4 66. Bxe4 Kxe4 67. d6 Ne5 68. d7 Nxd7 69. Kg1 Kf3 70. Kh1 Ne5 71.
Kg1 Nd3 72. Kf1 Nf2 73. Kg1 g3 0-1

[Event "CAN-op"]
[Site "Quebec CAN"]
[Date "2018.07.09"]
[Round "4.20"]
[White "Hay, Jonathan"]
[Black "Auger, Bertrand"]
[Result "1/2-1/2"]
[WhiteElo "1772"]
[BlackElo "1935"]
[PlyCount "84"]
[EventDate "2018.07.07"]
[EventType "swiss"]
[EventRounds "9"]
[EventCountry "CAN"]

1. d4 Nf6 2. Bf4 g6 3. Nc3 Bg7 4. e4 d6 5. Qd2 h6 6. O-O-O c6 7. Nf3 Qc7 8. e5
dxe5 9. Nxe5 g5 10. Bg3 Nh5 11. Bc4 Nxg3 12. hxg3 e6 13. f4 Nd7 14. Qe3 Nb6 15.
Bb3 Qe7 16. Rdf1 Nd5 17. Nxd5 exd5 18. Qf3 gxf4 19. Re1 Be6 20. gxf4 O-O-O 21.
f5 Qg5+ 22. Kb1 Qxf5 23. Qxf5 Bxf5 24. Nxf7 Bxd4 25. Nxh8 Rxh8 26. Kc1 Bf6 27.
Kb1 Bg5 28. Re5 Rf8 29. Rhe1 Kd7 30. a3 Kd6 31. Re8 Rf7 32. Ka2 b5 33. Rf1 c5
34. g4 Bg6 35. Rxf7 Bxf7 36. Rf8 Be6 37. c3 Bxg4 38. Ra8 c4 39. Bc2 Be3 40. Re8
Bg5 41. Ra8 Be3 42. Re8 Bg5 1/2-1/2

[Event "CAN-op"]
[Site "Quebec CAN"]
[Date "2018.07.09"]
[Round "4.21"]
[White "Mercure, Gilbert"]
[Black "Saine, Zachary"]
[Result "1/2-1/2"]
[WhiteElo "1760"]
[BlackElo "1899"]
[PlyCount "103"]
[EventDate "2018.07.07"]
[EventType "swiss"]
[EventRounds "9"]
[EventCountry "CAN"]

1. e4 e5 2. Nf3 Nc6 3. Bc4 Nf6 4. Ng5 d5 5. exd5 Na5 6. Bb5+ c6 7. dxc6 bxc6 8.
Qf3 Rb8 9. Bd3 Be7 10. Nc3 h6 11. Nge4 Nd5 12. Ng3 Be6 13. Bf5 O-O 14. d3 Bg5
15. h4 Bxc1 16. Rxc1 Rxb2 17. Nce2 Nb4 18. Qg4 Bxf5 19. Nxf5 Qf6 20. O-O Nxa2
21. Ra1 Nb7 22. Rxa2 Rxa2 23. Nc3 h5 24. Qxh5 g6 25. Nh6+ Kg7 26. Nf5+ Kg8 27.
Nh6+ Kg7 28. Nf5+ gxf5 29. Nxa2 Rh8 30. Qg5+ Qxg5 31. hxg5 Rh4 32. Rb1 Nd8 33.
Nb4 Kg6 34. c3 Kxg5 35. Ra1 c5 36. Nd5 c4 37. g3 Rh6 38. dxc4 Rc6 39. Rxa7 Rxc4
40. f4+ exf4 41. gxf4+ Kg6 42. Rc7 Re4 43. Rc8 Ne6 44. Rg8+ Kh6 45. Rh8+ Kg7
46. Rh4 Rc4 47. Kf2 Rc5 48. Ne3 Rxc3 49. Nxf5+ Kf6 50. Nd6 Ra3 51. Rh5 Ra4 52.
Rf5+ 1/2-1/2

[Event "CAN-op"]
[Site "Quebec CAN"]
[Date "2018.07.09"]
[Round "4.22"]
[White "Tinica, Gabriel"]
[Black "Doknjas, Neil"]
[Result "0-1"]
[WhiteElo "1658"]
[BlackElo "1883"]
[PlyCount "64"]
[EventDate "2018.07.07"]
[EventType "swiss"]
[EventRounds "9"]
[EventCountry "CAN"]

1. d4 d5 2. Bf4 Nf6 3. e3 e6 4. Bd3 c5 5. c3 Bd6 6. Bg3 Nc6 7. Nf3 O-O 8. Nbd2
b6 9. Ne5 Bb7 10. f4 Ne7 11. Bh4 Ne4 12. Bxe4 dxe4 13. O-O f6 14. Nec4 Nf5 15.
Bf2 Rc8 16. g4 Ne7 17. Nxd6 Qxd6 18. Bg3 Ba6 19. Nxe4 Qc6 20. Nd2 Bxf1 21. Qxf1
cxd4 22. exd4 e5 23. Qg2 Qxg2+ 24. Kxg2 exd4 25. cxd4 Rc2 26. Rd1 Rxb2 27. Kf3
Rxa2 28. Nf1 Nd5 29. f5 Re8 30. Rd3 b5 31. Nd2 b4 32. Nc4 Rc8 0-1

[Event "CAN-op"]
[Site "Quebec CAN"]
[Date "2018.07.09"]
[Round "4.25"]
[White "James, Rowan"]
[Black "Chevalier, Francois"]
[Result "1/2-1/2"]
[WhiteElo "1823"]
[BlackElo "1720"]
[PlyCount "161"]
[EventDate "2018.07.07"]
[EventType "swiss"]
[EventRounds "9"]
[EventCountry "CAN"]

1. e4 e5 2. Nf3 Nc6 3. Nc3 Nf6 4. a3 g6 5. d4 d6 6. dxe5 Nxe5 7. Nxe5 dxe5 8.
Qxd8+ Kxd8 9. Bg5 Be7 10. Bc4 Be6 11. Bxe6 fxe6 12. O-O-O+ Kc8 13. Rd3 Rd8 14.
Rhd1 Rxd3 15. Rxd3 Ng8 16. Bxe7 Nxe7 17. Nd1 a5 18. Ne3 b6 19. Ng4 Nc6 20. Nf6
Kb7 21. Nxh7 Rh8 22. Rh3 Rd8 23. c3 a4 24. Ng5 Na5 25. Kc2 Nb3 26. Rd3 Na1+ 27.
Kd2 Nb3+ 28. Ke3 Rh8 29. Nf3 Nc5 30. Rd1 Rh5 31. h4 Rh7 32. g3 Nd7 33. Ng5 Re7
34. Nxe6 Nf6 35. Ng5 Ne8 36. Rd8 Nd6 37. Kd3 b5 38. Rg8 Nc4 39. Kc2 Rd7 40.
Rxg6 Rd2+ 41. Kc1 Rxf2 42. h5 Rf1+ 43. Kc2 Rf2+ 44. Kb1 Rxb2+ 45. Kc1 Rf2 46.
h6 Rf1+ 47. Kc2 Nxa3+ 48. Kd3 Nc4 49. h7 Rh1 50. Rg8 Rh2 51. Nf3 Rxh7 52. Kc2
Rf7 53. Ng5 Rf2+ 54. Kb1 Nd2+ 55. Kb2 Nxe4+ 56. Ka3 Nxg5 57. Rxg5 Rf3 58. Kb4
Kb6 59. Rxe5 c6 60. Rg5 Rf1 61. Ka3 Rg1 62. Kb2 Rg2+ 63. Kb1 Kc7 64. Rg8 Kd6
65. g4 Kc5 66. Rg6 a3 67. Rf6 Kc4 68. Rf3 c5 69. g5 Rxg5 70. Ka2 b4 71. cxb4
cxb4 72. Rf4+ Kb5 73. Rf8 Rg2+ 74. Kb1 Ka4 75. Rf1 a2+ 76. Ka1 Ka3 77. Rf3+ Ka4
78. Ra3+ Kb5 79. Ra5+ Kc4 80. Rc5+ Kb3 81. Rc3+ 1/2-1/2

[Event "CAN-op"]
[Site "Quebec CAN"]
[Date "2018.07.09"]
[Round "4.27"]
[White "Bluteau, Yvon"]
[Black "Forget, Luc"]
[Result "0-1"]
[WhiteElo "1758"]
[BlackElo "1889"]
[PlyCount "124"]
[EventDate "2018.07.07"]
[EventType "swiss"]
[EventRounds "9"]
[EventCountry "CAN"]

1. Nf3 d5 2. d4 Nf6 3. g3 c6 4. Bg2 Bg4 5. h3 Bh5 6. O-O e6 7. Nbd2 Bd6 8. c4
Nbd7 9. b3 O-O 10. Bb2 Bxf3 11. Nxf3 Ne4 12. Qe1 a5 13. c5 Bc7 14. Nd2 f5 15.
Nxe4 fxe4 16. Rc1 Qe7 17. Qd2 Rf7 18. Bc3 e5 19. Qe3 h5 20. h4 exd4 21. Bxd4
Be5 22. Bh3 Qf6 23. Bxe5 Nxe5 24. a4 Rd8 25. Qc3 Ra8 26. Qe3 Ng4 27. Bxg4 hxg4
28. Rcd1 Qe5 29. Qd4 Qxd4 30. Rxd4 g5 31. hxg5 Kg7 32. Kg2 Kg6 33. e3 Rh8 34.
b4 Kxg5 35. b5 Kf5 36. Rdd1 Ke5 37. bxc6 bxc6 38. Rh1 Rfh7 39. Rxh7 Rxh7 40.
Rb1 d4 41. exd4+ Kxd4 42. Rb6 Rc7 43. Ra6 Kxc5 44. Rxa5+ Kd4 45. Rg5 c5 46.
Rxg4 Kd3 47. Rg5 c4 48. Rd5+ Kc2 49. Rd4 c3 50. Rxe4 Kb3 51. Re1 c2 52. Rc1 Kb2
53. Re1 c1=Q 54. Rxc1 Rxc1 55. f4 Kc3 56. Kf3 Kd4 57. Kg4 Ra1 58. Kg5 Rxa4 59.
Kg6 Ra6+ 60. Kf5 Ra5+ 61. Kg4 Ke4 62. Kh3 Kf5 0-1

[Event "CAN-op"]
[Site "Quebec CAN"]
[Date "2018.07.09"]
[Round "4.28"]
[White "Dube, Daniel"]
[Black "Boshoff, Thomas"]
[Result "0-1"]
[WhiteElo "1664"]
[BlackElo "1939"]
[PlyCount "62"]
[EventDate "2018.07.07"]
[EventType "swiss"]
[EventRounds "9"]
[EventCountry "CAN"]

1. e4 c5 2. Nf3 d6 3. d4 cxd4 4. Nxd4 Nf6 5. Nc3 a6 6. Bg5 e6 7. Qf3 Be7 8.
O-O-O Nbd7 9. Be2 Qc7 10. Kb1 b5 11. Bd3 Bb7 12. Rhe1 O-O 13. Qh3 h6 14. Bd2
Ne5 15. f4 Nc4 16. Bxc4 Qxc4 17. Nb3 a5 18. g4 Rfc8 19. Rg1 Nxe4 20. g5 Nf2 21.
gxh6 Nxh3 22. Rxg7+ Kf8 23. Rg3 Nf2 24. Rdg1 Bf6 25. h7 Bh8 26. f5 Qh4 27. Nxb5
Ne4 28. Rg8+ Ke7 29. Bxa5 Qxh7 30. Rxc8 Rxc8 31. fxe6 Qxh2 0-1

[Event "CAN-op"]
[Site "Quebec CAN"]
[Date "2018.07.10"]
[Round "5.3"]
[White "Doknjas, John"]
[Black "Fedorowicz, John"]
[Result "1/2-1/2"]
[WhiteElo "2206"]
[BlackElo "2425"]
[PlyCount "48"]
[EventDate "2018.07.07"]
[EventType "swiss"]
[EventRounds "9"]
[EventCountry "CAN"]

1. d4 Nf6 2. c4 e6 3. Nc3 Bb4 4. e3 c5 5. Bd3 Nc6 6. Nf3 Bxc3+ 7. bxc3 d6 8.
O-O e5 9. Nd2 O-O 10. d5 Ne7 11. Qc2 Kh8 12. h3 Nfg8 13. f4 f5 14. e4 exf4 15.
exf5 Bxf5 16. Ne4 Ng6 17. Nxc5 Bxd3 18. Nxd3 f3 19. Be3 Qh4 20. Bd4 Nh6 21.
Rae1 Nf5 22. Rxf3 Nxd4 23. Rxf8+ Rxf8 24. cxd4 Qxd4+ 1/2-1/2

[Event "CAN-op"]
[Site "Quebec CAN"]
[Date "2018.07.10"]
[Round "5.4"]
[White "Cherniaev, Alexander"]
[Black "Doknjas, Joshua"]
[Result "1/2-1/2"]
[WhiteElo "2421"]
[BlackElo "2216"]
[PlyCount "56"]
[EventDate "2018.07.07"]
[EventType "swiss"]
[EventRounds "9"]
[EventCountry "CAN"]

1. d4 Nf6 2. c4 e6 3. g3 Bb4+ 4. Bd2 Be7 5. Bg2 d5 6. Nf3 O-O 7. O-O Nbd7 8.
Qc2 c6 9. Rd1 b6 10. Bf4 Ba6 11. b3 Rc8 12. Nc3 dxc4 13. Nd2 Nd5 14. Nxc4 Nxf4
15. gxf4 Qc7 16. e3 Bb7 17. Rac1 f5 18. Ne5 Nxe5 19. dxe5 a6 20. Ne2 Ba3 21.
Rb1 Qe7 22. Nd4 Rfe8 23. b4 c5 24. bxc5 Bxg2 25. Kxg2 Bxc5 26. Qe2 Qb7+ 27. Qf3
Qxf3+ 28. Kxf3 Kf7 1/2-1/2

[Event "CAN-op"]
[Site "Quebec CAN"]
[Date "2018.07.10"]
[Round "5.8"]
[White "Ouellet, Maili-Jade"]
[Black "Zhang, Henry"]
[Result "1/2-1/2"]
[WhiteElo "2197"]
[BlackElo "1979"]
[PlyCount "113"]
[EventDate "2018.07.07"]
[EventType "swiss"]
[EventRounds "9"]
[EventCountry "CAN"]

1. d4 Nf6 2. c4 g6 3. Nc3 d5 4. cxd5 Nxd5 5. Bd2 Bg7 6. e4 Nb6 7. Be3 O-O 8. h3
e5 9. Nf3 exd4 10. Bxd4 Nc6 11. Bxg7 Kxg7 12. Be2 Qe7 13. O-O Rd8 14. Qc1 Be6
15. Ng5 Nd4 16. Nxe6+ Qxe6 17. Bg4 Qe7 18. Re1 c6 19. f4 f6 20. Kh1 Nd7 21. Bd1
Nc5 22. Qe3 f5 23. e5 Nde6 24. Bc2 Nd4 25. Bb1 Nce6 26. Bd3 Nc5 27. Bb1 Nce6
28. Qf2 Rd7 29. Bd3 Rad8 30. Rad1 a6 31. g4 Qf7 32. Rf1 Kh8 33. Bb1 Rf8 34. g5
Rfd8 35. b4 Nb5 36. Rxd7 Rxd7 37. Nxb5 axb5 38. a3 Qe7 39. Ba2 Kg7 40. Qf3 Rd4
41. Qb3 Kf7 42. Rd1 Rxd1+ 43. Qxd1 Ke8 44. Qd2 Nd8 45. Kh2 c5 46. bxc5 Qxc5 47.
e6 Qc6 48. Qb2 Nxe6 49. Bxe6 Qxe6 50. Qxb5+ Kd8 51. Qd3+ Kc7 52. Qc3+ Qc6 53.
Qa5+ Kb8 54. Qe5+ Ka7 55. Qe3+ Qb6 56. Qd2 Qb3 57. Qa5+ 1/2-1/2

[Event "CAN-op"]
[Site "Quebec CAN"]
[Date "2018.07.10"]
[Round "5.9"]
[White "Zhao, Jim"]
[Black "Callier, Christophe"]
[Result "1/2-1/2"]
[WhiteElo "2169"]
[BlackElo "1970"]
[PlyCount "72"]
[EventDate "2018.07.07"]
[EventType "swiss"]
[EventRounds "9"]
[EventCountry "CAN"]

1. d4 d5 2. c4 Nc6 3. Nf3 Bg4 4. cxd5 Bxf3 5. dxc6 Bxc6 6. Nc3 e6 7. a3 Nf6 8.
Bg5 Be7 9. e3 O-O 10. Qc2 Nd5 11. Bxe7 Qxe7 12. Nxd5 Bxd5 13. Bd3 f5 14. O-O
Qh4 15. Qxc7 f4 16. e4 Bc6 17. f3 Rf6 18. Rf2 Rh6 19. h3 Qg3 20. Kf1 Qh2 21.
Ke2 Rg6 22. g4 Qg3 23. b4 a6 24. a4 Rh6 25. Qe5 Kf7 26. Qc7+ Kf8 27. Rh1 Re8
28. a5 Re7 29. Qd6 e5 30. Qc5 exd4 31. Qxd4 Rd7 32. Qc5+ Ke8 33. Qe5+ Kd8 34.
Qb8+ Ke7 35. Qe5+ Kd8 36. Qb8+ Ke7 1/2-1/2

[Event "CAN-op"]
[Site "Quebec CAN"]
[Date "2018.07.10"]
[Round "5.10"]
[White "Dukic, Zachary"]
[Black "Zhao, Ian"]
[Result "1-0"]
[WhiteElo "2118"]
[BlackElo "1951"]
[PlyCount "175"]
[EventDate "2018.07.07"]
[EventType "swiss"]
[EventRounds "9"]
[EventCountry "CAN"]

1. e4 e5 2. Nf3 Nc6 3. Bb5 a6 4. Ba4 Nf6 5. O-O Be7 6. d3 b5 7. Bb3 d6 8. a3
O-O 9. Nc3 Na5 10. Ba2 Be6 11. Bxe6 fxe6 12. Bd2 c5 13. b4 cxb4 14. axb4 Nc6
15. Ne2 d5 16. exd5 exd5 17. Ng3 Nd7 18. c3 Qc7 19. Qb3 Qd6 20. Ne4 Qe6 21.
Rfe1 Qf7 22. Ng3 Kh8 23. Re2 h6 24. Be3 d4 25. Qxf7 Rxf7 26. cxd4 exd4 27. Nxd4
Nxb4 28. Nxb5 Nxd3 29. Nc7 Rc8 30. Nxa6 Rc6 31. Rd2 N7e5 32. Nb8 Rd6 33. Ne4
Rd8 34. Rb1 Rff8 35. Na6 Nc4 36. Rdd1 Nxe3 37. fxe3 Rf5 38. Nb4 Nxb4 39. Rxd8+
Bxd8 40. Rxb4 Ba5 41. Ng3 Rc5 42. Rb2 Rc1+ 43. Nf1 Rc4 44. Kf2 Kg8 45. h3 Kf7
46. Kf3 Ke6 47. Ng3 Bc7 48. Ne4 Rc6 49. Rb5 Bd6 50. Ra5 Bb4 51. Ra4 Bd6 52. Nf2
Be5 53. Nd3 Bd6 54. Ke4 Rb6 55. Ra7 g6 56. Kd4 Rc6 57. e4 Bh2 58. Ra1 Be5+ 59.
Nxe5 Rd6+ 60. Ke3 Kxe5 61. Ra5+ Ke6 62. h4 Rb6 63. Kf4 Rc6 64. g4 Rb6 65. Ra8
Kf6 66. g5+ hxg5+ 67. hxg5+ Ke6 68. Ra7 Rb1 69. Ra6+ Kf7 70. Ke5 Rb5+ 71. Kd6
Rxg5 72. e5 Rg1 73. Ra7+ Kf8 74. Ra8+ Kg7 75. e6 Kf6 76. Rf8+ Kg5 77. e7 Re1
78. e8=Q Rxe8 79. Rxe8 Kf4 80. Rf8+ Ke4 81. Rg8 Kf5 82. Kd5 g5 83. Kd4 Kf4 84.
Kd3 g4 85. Ke2 Kg3 86. Kf1 Kf3 87. Ra8 Kg3 88. Ra3+ 1-0

[Event "CAN-op"]
[Site "Quebec CAN"]
[Date "2018.07.10"]
[Round "5.11"]
[White "Gaisinsky, Adam"]
[Black "Manley, Jason"]
[Result "1-0"]
[WhiteElo "1959"]
[BlackElo "2051"]
[PlyCount "93"]
[EventDate "2018.07.07"]
[EventType "swiss"]
[EventRounds "9"]
[EventCountry "CAN"]

1. e4 d5 2. exd5 Nf6 3. Nc3 Nxd5 4. Nxd5 Qxd5 5. d4 g6 6. Nf3 Bg4 7. Be2 Bg7 8.
O-O Nd7 9. h3 Bf5 10. Bf4 c5 11. c3 O-O 12. dxc5 Qxc5 13. Be3 Qc7 14. Nd4 e5
15. Nxf5 gxf5 16. f4 e4 17. Qd5 Nb6 18. Qxf5 Nc4 19. Qc5 Qxc5 20. Bxc5 Rfc8 21.
Bxc4 Rxc5 22. Bb3 Rac8 23. Kf2 Kf8 24. Ke2 f5 25. Rfd1 Ke7 26. Rd2 Rd8 27. Rxd8
Kxd8 28. g4 Ke7 29. Ke3 Bh6 30. Bg8 b5 31. Bxh7 b4 32. cxb4 Rc2 33. Bxf5 Rxb2
34. Bxe4 Rxb4 35. Rc1 Ra4 36. Rc7+ Kf8 37. Rc2 Bg7 38. g5 Bd4+ 39. Kf3 Bb6 40.
Re2 Bc7 41. Kg4 Kg7 42. h4 a5 43. h5 Ra3 44. h6+ Kf8 45. g6 Rc3 46. g7+ Kf7 47.
Bd5+ 1-0

[Event "CAN-op"]
[Site "Quebec CAN"]
[Date "2018.07.10"]
[Round "5.12"]
[White "Cui, Cynthia"]
[Black "Pare, Marc"]
[Result "1-0"]
[WhiteElo "1692"]
[BlackElo "1984"]
[PlyCount "127"]
[EventDate "2018.07.07"]
[EventType "swiss"]
[EventRounds "9"]
[EventCountry "CAN"]

1. c4 Nf6 2. Nc3 e6 3. e4 d5 4. e5 Nfd7 5. d4 c5 6. cxd5 cxd4 7. Qxd4 exd5 8.
Qxd5 Bc5 9. Bc4 O-O 10. Nf3 Nc6 11. O-O Be7 12. e6 fxe6 13. Qxe6+ Kh8 14. Qe3
Nb4 15. Qd2 a6 16. a3 Nc6 17. Ne4 Qc7 18. Bb3 Nde5 19. Nxe5 Nxe5 20. Qc3 Nc6
21. Ng5 Bf6 22. Qc2 Bxg5 23. Bxg5 Bf5 24. Qc3 Rae8 25. Rfe1 Re4 26. Re3 Bg6 27.
Rg3 Qe5 28. Qxe5 Rxe5 29. Bc4 Rfe8 30. Be3 b5 31. Be2 Ne7 32. Bg4 Bf5 33. h3
Bxg4 34. Rxg4 Nf5 35. Bd2 Kg8 36. Bc3 R5e6 37. a4 bxa4 38. Rgxa4 Ra8 39. Ra5 g6
40. Rd5 Kf7 41. Kf1 Nd6 42. Rda5 Ne4 43. Be1 Rf6 44. Kg1 Rb6 45. f3 Nd6 46. b4
Ke6 47. R5a4 Nb5 48. Bf2 Rb7 49. Rxa6+ Rxa6 50. Rxa6+ Kd5 51. Rb6 Nd6 52. Rxb7
Nxb7 53. Kh2 Kc4 54. Bc5 Nxc5 55. bxc5 Kxc5 56. Kg3 Kd5 57. Kg4 h6 58. h4 Ke5
59. g3 Kf6 60. Kf4 h5 61. Ke4 Ke6 62. g4 g5 63. hxg5 hxg4 64. f4 1-0

[Event "CAN-op"]
[Site "Quebec CAN"]
[Date "2018.07.10"]
[Round "5.13"]
[White "Richardson, Kai"]
[Black "Tremblay, Rejean"]
[Result "1-0"]
[WhiteElo "1973"]
[BlackElo "2196"]
[Annotator ",Microsoft"]
[PlyCount "78"]
[EventDate "2018.07.07"]
[EventType "swiss"]
[EventRounds "9"]
[EventCountry "CAN"]

1. d4 Nf6 2. c4 g6 3. Nc3 Bg7 4. e4 d6 5. f3 O-O 6. Be3 Nc6 7. Nge2 a6 8. Qd2
Na5 9. Ng3 b5 10. cxb5 axb5 11. Bxb5 Nb3 12. Qd1 Nxa1 13. Qxa1 Ba6 14. O-O Bxb5
15. Nxb5 c6 16. Nc3 Qb6 17. Rb1 Nd7 18. Nge2 e5 19. Rd1 Rfb8 20. b3 exd4 21.
Bxd4 Bxd4+ 22. Nxd4 Nc5 23. Kh1 Ra6 24. h3 Rd8 25. Qc1 Ra7 26. h4 Re8 27. Qf4
Rd7 28. Qg5 Ne6 29. Nxe6 Rxe6 30. Qd2 Qd8 31. g3 d5 32. exd5 cxd5 33. Ne4 Qe7
34. Qd4 Re5 35. a4 Qe6 36. Nf2 Re1+ 37. Rxe1 Qxe1+ 38. Kg2 h5 39. f4 Qe2 {
Time/temps} 1-0

[Event "CAN-op"]
[Site "Quebec CAN"]
[Date "2018.07.10"]
[Round "5.14"]
[White "Saha, Ananda"]
[Black "Tanaka, Tyler"]
[Result "0-1"]
[WhiteElo "1950"]
[BlackElo "2054"]
[PlyCount "124"]
[EventDate "2018.07.07"]
[EventType "swiss"]
[EventRounds "9"]
[EventCountry "CAN"]

1. d4 Nf6 2. c4 g6 3. Nc3 Bg7 4. e4 d6 5. Be2 O-O 6. Bg5 c5 7. d5 h6 8. Be3 e6
9. h3 exd5 10. exd5 Re8 11. Nf3 Bf5 12. O-O Ne4 13. Nxe4 Bxe4 14. Qd2 Kh7 15.
Rac1 Nd7 16. Kh1 b5 17. cxb5 Nb6 18. Ng1 Nxd5 19. Bf3 Bxf3 20. Nxf3 Nxe3 21.
fxe3 Re6 22. Rfd1 Qf6 23. b4 cxb4 24. Qxb4 Rae8 25. Qf4 Qe7 26. Rc6 Rf6 27. Qg3
Qxe3 28. Rcxd6 Rxd6 29. Qxd6 Qf2 30. Rd2 Qf1+ 31. Kh2 Qxb5 32. Qd7 Qb8+ 33. Kh1
Rc8 34. Rd1 Rc7 35. Qd6 Qc8 36. Qd5 Rc1 37. Rxc1 Qxc1+ 38. Kh2 Qf4+ 39. Kg1
Qe3+ 40. Kh2 Qe6 41. Qxe6 fxe6 42. Kg3 Kg8 43. Kf4 Kf7 44. Ke4 Ke7 45. g4 Bf6
46. Ne1 Kd6 47. Nd3 g5 48. Nb4 a5 49. Nc2 Kc5 50. Kd3 Bg7 51. Ne3 Bf6 52. Nc2
Be5 53. Ne3 Bf4 54. Nc2 Kd5 55. Nd4 Bd6 56. Nc2 Bc5 57. Ne1 e5 58. Nc2 e4+ 59.
Kc3 Bb4+ 60. Kb2 Bd2 61. Na3 e3 62. Kc2 Bb4 0-1

[Event "CAN-op"]
[Site "Quebec CAN"]
[Date "2018.07.10"]
[Round "5.15"]
[White "Drolet, Stephane"]
[Black "Malakhovets, Sergey"]
[Result "0-1"]
[WhiteElo "2052"]
[BlackElo "1923"]
[PlyCount "114"]
[EventDate "2018.07.07"]
[EventType "swiss"]
[EventRounds "9"]
[EventCountry "CAN"]

1. c4 c6 2. Nf3 d5 3. e3 Nf6 4. b3 Bf5 5. Bb2 e6 6. Nc3 h6 7. d3 Nbd7 8. Qc2
Bd6 9. Rd1 O-O 10. e4 Bg4 11. Be2 Bxf3 12. Bxf3 d4 13. Nb1 e5 14. Nd2 a5 15. a3
Qe7 16. Ra1 Ne8 17. Nf1 g6 18. Bc1 Kg7 19. h4 Rh8 20. h5 Nc5 21. Nh2 Nc7 22.
Bg4 N7e6 23. g3 b5 24. Nf3 g5 25. Bf5 bxc4 26. bxc4 a4 27. Nd2 Rab8 28. Bg4 Rb7
29. O-O Rhb8 30. Rb1 Nb3 31. Bxe6 Qxe6 32. c5 Nxc5 33. Rxb7 Rxb7 34. Nc4 Be7
35. Bd2 Rb3 36. Bb4 Nxd3 37. Na5 Nxb4 38. axb4 Rxb4 39. Qxc6 Qxc6 40. Nxc6 Rb7
41. Nxe5 a3 42. Ra1 Rb3 43. Kf1 d3 44. Nc4 Rc3 45. Ne3 Bc5 46. Ke1 Bxe3 47.
fxe3 Rb3 48. Kd2 Kf6 49. Rf1+ Ke5 50. Rxf7 Kxe4 51. Re7+ Kf3 52. e4 Kxg3 53. e5
Kf4 54. e6 Kg4 55. Ra7 Rb6 56. e7 Re6 57. Kxd3 a2 0-1

[Event "CAN-op"]
[Site "Quebec CAN"]
[Date "2018.07.10"]
[Round "5.16"]
[White "Doknjas, Neil"]
[Black "Bouton, Christophe"]
[Result "1-0"]
[WhiteElo "1883"]
[BlackElo "2016"]
[PlyCount "99"]
[EventDate "2018.07.07"]
[EventType "swiss"]
[EventRounds "9"]
[EventCountry "CAN"]

1. e4 e6 2. d4 d5 3. Nc3 Bb4 4. exd5 exd5 5. Bd3 Nc6 6. a3 Bxc3+ 7. bxc3 Nge7
8. Qh5 Be6 9. Ne2 Qd7 10. h3 Bf5 11. O-O Bxd3 12. cxd3 Qf5 13. Qxf5 Nxf5 14. g4
Nfe7 15. Be3 O-O-O 16. Rfd1 h5 17. Kg2 hxg4 18. hxg4 Rh4 19. Kg3 Rdh8 20. Nf4
f5 21. f3 g6 22. Nh5 fxg4 23. Kxh4 Nf5+ 24. Kg5 Nxe3 25. Rd2 gxh5 26. Re2 Rg8+
27. Kf4 Rf8+ 28. Kxe3 Rxf3+ 29. Kd2 h4 30. Rh2 h3 31. Rg1 Rf4 32. Ke3 Rf3+ 33.
Ke2 Rf4 34. Rf2 Nxd4+ 35. cxd4 Rxd4 36. Ke3 Ra4 37. Ra2 c5 38. Rf2 Kc7 39. Rf7+
Kc6 40. Rf6+ Kb5 41. Rb1+ Rb4 42. axb4 cxb4 43. Rf4 a5 44. Rxg4 h2 45. Rh4 b6
46. Rxh2 a4 47. Kd4 a3 48. Kxd5 Ka4 49. Kc4 b5+ 50. Kc5 1-0

[Event "CAN-op"]
[Site "Quebec CAN"]
[Date "2018.07.10"]
[Round "5.17"]
[White "Lehingrat, Callum"]
[Black "Zhu, Brandon"]
[Result "0-1"]
[WhiteElo "1853"]
[BlackElo "1959"]
[PlyCount "82"]
[EventDate "2018.07.07"]
[EventType "swiss"]
[EventRounds "9"]
[EventCountry "CAN"]

1. d4 Nf6 2. c4 e6 3. g3 d5 4. Nf3 dxc4 5. Bg2 a6 6. O-O Nc6 7. Nc3 Be7 8. e4
O-O 9. Qe2 Nxd4 10. Nxd4 Qxd4 11. Rd1 Qa7 12. Bf4 b5 13. e5 Nd5 14. Nxd5 exd5
15. Bxd5 Rb8 16. e6 f6 17. Bc6 Qb6 18. Bd7 Bb7 19. a4 Ba8 20. axb5 axb5 21. Rf1
Qb7 22. f3 Qb6+ 23. Be3 c5 24. Bf4 Rbd8 25. Rfd1 Bb7 26. Bd6 Bxd6 27. e7 Bxe7
28. Qxe7 Kh8 29. Be6 Rde8 30. Qd6 Qxd6 31. Rxd6 Bxf3 32. Ra5 Rb8 33. Kf2 Be4
34. Ke3 Bd3 35. Rc6 Rfe8 36. Kd2 h5 37. b3 Rbd8 38. Kc1 cxb3 39. Bxb3 c4 40.
Bd1 Re1 41. Kd2 Rxd1+ 0-1